Loading...
Biodiversity and ecosystem function
| Other Authors: | , |
|---|---|
| Format: | Printed Book |
| Published: |
Berlin
Springer-Verlag
1994
|
| Subjects: |
| LEADER | 00575cam a2200193ua 4500 | ||
|---|---|---|---|
| 020 | |a 3-540-58103-0 | ||
| 082 | |a 333.95 |b BIO | ||
| 245 | 1 | 0 | |a Biodiversity and ecosystem function |
| 260 | |a Berlin |b Springer-Verlag |c 1994 | ||
| 300 | |a xxvii,525p. | ||
| 500 | |a Includes index. | ||
| 650 | |a Biodiversity | ||
| 650 | 0 | |a Environmental economics | |
| 650 | 0 | |a Social science | |
| 700 | |a Schulze,Detlef | ||
| 700 | |a Mooney, Harold A | ||
| 942 | |c BK | ||
| 999 | |c 3710 |d 3710 | ||
| 952 | |0 0 |1 0 |4 0 |6 333_950000000000000_BIO |7 0 |9 3864 |a KUCL |b KUCL |d 2014-05-23 |l 0 |o 333.95 BIO |p 06852 |r 2014-05-23 |y BK | ||